Barcino /
Kaydedildi:
| Yazar: | |
|---|---|
| Materyal Türü: | Kitap |
| Dil: | İspanyolca |
| Baskı/Yayın Bilgisi: |
Barcelona, España :
Ediciones B,
2011, c2011
|
| Konular: | |
| Etiketler: |
Etiket eklenmemiş, İlk siz ekleyin!
|
MARC
| LEADER | 00000nam^a2200000^a^4500 | ||
|---|---|---|---|
| 001 | 000359359 | ||
| 005 | 20250521000000.0 | ||
| 009 | 20260310115354.609 | ||
| 020 | |a 978-84-666-4653-6 | ||
| 037 | |a Acervo ITESO - Biblioteca | ||
| 041 | |a ESP | ||
| 082 | |a 863. |b ROC | ||
| 100 | |a Roca, Maria Carme |e (autor) | ||
| 245 | 1 | 0 | |a Barcino / |c M.C. Roca ; tr. por Jordi Vidal. |
| 264 | 4 | |a Barcelona, España : |b Ediciones B, |c 2011, c2011 | |
| 300 | |a 380 p. | ||
| 336 | |a texto |b txt |2 rdacontenido | ||
| 337 | |a sin mediación |b n |2 rdamedio | ||
| 338 | |a volumen |b nc |2 rdasoporte | ||
| 500 | |a Traducción de: Barcino | ||
| 545 | 0 | |a Maria Carme Roca (Barcelona, 1955), es una prolífica escritora española que ha publicado más de 40 obras, principalmente dirigidas al público infantil y juvenil. Ha sido galardonada con diversos premios y reconocimientos, tanto por su obra infantil como por sus narraciones de corte histórico, destacándose el premio Néstor Luján en 2006. En la actualidad la autora compagina su producción literaria con diversas actividades dedicadas a la difusión de la lectura como recorridos históricos de sus novelas, foros de lectores y miembro de diversas instituciones en pro de la lectura y la producción literaria. Historiadora y Filóloga de formación, publicó su primera novela en 1997, Una Semana Llena de Nieblas en el género juvenil y al poco tiempo también su primer libro para adultos El Ultimo Hueco que ya había ganado un premio en 1996. Sus primeras producciones se dirigieron al público infantil y juvenil, hasta que en 2004 publica su primera novela histórica El Puente de Madera y desde entonces dedica periodos para uno y otro género. Aparte de la producción infantil e histórica, la autora también ha escrito algunos guiones para radio. El Ultimo Vacío (1997), El Puente de Madera (2004), La Ciudad Olvidada (2008) y Barcino (2011) son algunas de sus obras históricas; ¿Quién es el colgado? (1997), Ay Valeri, Una Niña y Una Bacteria (2003) y No Hay Besos para los Fantasmas (2007) son algunos de sus títulos dirigidos a los niños y jóvenes. | |
| 649 | |a XX | ||
| 650 | |a Novela Histórica | ||
| 650 | |a Novela Española | ||
| 650 | |a Literatura Española - |y Siglo XXI | ||
| 650 | |a España - |x Historia - |y Período Romano, 218 a.C.-414 d.C | ||
| 910 | |a Fondo General | ||
| 920 | |a Impresos - Libros | ||
| 930 | |a Colección General | ||
| 940 | |a Literatura | ||
| 905 | |a 101 | ||
| 901 | |a 0500252547 |b IT1 |c LIT |i D72709 |u 20250521 | ||
| 902 | |a https://opac.biblio.iteso.mx/vufind/Record/000359359 | ||